Most Expensive Olympic Games - Statistics

General Stats
  • This quiz has been taken 16 times
  • The average score is 8 of 10
Answer Stats
Cost Answer % Correct
$13.3 Billion London
100%
$35 Billion Tokyo
92%
$52.7 Billion Beijing
85%
$13 Billion Rio de Janeiro
85%
$8.1 Billion Sydney
85%
$15.4 Billion Pyeongchang
69%
$8.9 Billion Vancouver
69%
$18.7 Billion Athens
62%
$59.7 Billion Sochi
62%
$17.9 Billion Nagano
54%
No matching quizzes found
Score Distribution
Percent of People with Each Score
Percentile by Number Answered
Your Score History
You have not taken this quiz